|
|
|
|
| LEADER |
00000naa2a2200000 4500 |
| 001 |
621980 |
| 005 |
20240130151310.0 |
| 035 |
|
|
|a (RuTPU)RU\TPU\conf\20628
|
| 035 |
|
|
|a RU\TPU\conf\20627
|
| 090 |
|
|
|a 621980
|
| 100 |
|
|
|a 20170201d2016 k y0rusy50 ca
|
| 101 |
0 |
|
|a rus
|
| 102 |
|
|
|a RU
|
| 105 |
|
|
|a y z 101zy
|
| 135 |
|
|
|a drgn ---uucaa
|
| 181 |
|
0 |
|a i
|
| 182 |
|
0 |
|a b
|
| 200 |
1 |
|
|a Испарение графитовых суспензий при нагреве в высокотемпературной газовой среде
|f А. Г. Борисова, М. В. Пискунов, К. А. Рыбацкий
|g науч. рук. П. А. Стрижак
|
| 203 |
|
|
|a Текст
|c электронный
|
| 225 |
1 |
|
|a Северный морской путь в Арктике и его перспективы. современное энергообеспечение в экстремальных условиях Арктики
|
| 300 |
|
|
|a Заглавие с титульного экрана
|
| 320 |
|
|
|a [Библиогр.: с. 276 (2 назв.)]
|
| 463 |
|
1 |
|0 (RuTPU)RU\TPU\conf\20537
|t Творчество юных - шаг в успешное будущее
|o Арктика и её освоение
|o материалы IX Всероссийской научной молодежной конференции с международным участием с элементами научной школы имени профессора М.К. Коровина, г. Томск, 10-14 октября 2016 г.
|f Национальный исследовательский Томский политехнический университет (ТПУ) ; под ред. А. Ю. Дмитриева
|v [С. 274-276]
|d 2016
|
| 610 |
1 |
|
|a труды учёных ТПУ
|
| 610 |
1 |
|
|a электронные ресурсы
|
| 610 |
1 |
|
|a теплофизические свойства
|
| 610 |
1 |
|
|a экспериментальное исследование
|
| 610 |
1 |
|
|a графит
|
| 610 |
1 |
|
|a капля
|
| 610 |
1 |
|
|a вода
|
| 610 |
1 |
|
|a интенсификация
|
| 610 |
1 |
|
|a испарение
|
| 700 |
|
1 |
|a Борисова
|b А. Г.
|
| 701 |
|
1 |
|a Пискунов
|b М. В.
|c специалист в области теплотехники
|c инженер Томского политехнического университета
|f 1991-
|g Максим Владимирович
|3 (RuTPU)RU\TPU\pers\34148
|9 17688
|
| 701 |
|
1 |
|a Рыбацкий
|b К. А.
|
| 702 |
|
1 |
|a Стрижак
|b П. А.
|c специалист в области теплоэнергетики
|c профессор Томского политехнического университета, доктор физико-математических наук
|f 1985-
|g Павел Александрович
|4 727
|
| 712 |
0 |
2 |
|a Национальный исследовательский Томский политехнический университет (ТПУ)
|b Энергетический институт (ЭНИН)
|b Лаборатория фундаментальных основ ресурсоэффективных и безопасных технологий тушения лесных пожаров с применением авиации (ЛФОРиБТТЛППА)
|3 (RuTPU)RU\TPU\col\21262
|
| 712 |
0 |
2 |
|a Национальный исследовательский Томский политехнический университет (ТПУ)
|b Энергетический институт (ЭНИН)
|b Кафедра автоматизации теплоэнергетических процессов (АТП)
|3 (RuTPU)RU\TPU\col\18678
|
| 801 |
|
2 |
|a RU
|b 63413507
|c 20170210
|g RCR
|
| 856 |
4 |
|
|u http://earchive.tpu.ru/handle/11683/36889
|
| 942 |
|
|
|c BK
|